A szállodai rendezvények üzleti hatása a Magyar Szállodák és Éttermek Szövetsége tagszállodáinak működésére
| Main Author: | |
|---|---|
| Other Authors: | |
| Format: | Project work |
| Kulcsszavak: | fenntarthatóság rendezvény(ek) rendezvényszervezés szállodák turizmus |
| Online Access: | http://dolgozattar.uni-bge.hu/59856 |
MARC
| LEADER | 00000nnm a2200000 i 4500 | ||
|---|---|---|---|
| 001 | dolg59856 | ||
| 005 | 20260409145646.0 | ||
| 008 | 260409suuuu hu o 000 hun d | ||
| 040 | |a BGE Dolgozattár Repozitórium |b hun | ||
| 041 | |a hu | ||
| 100 | 1 | |a Kassai Dalma | |
| 245 | 1 | 2 | |a A szállodai rendezvények üzleti hatása a Magyar Szállodák és Éttermek Szövetsége tagszállodáinak működésére |c Kassai Dalma |h [elektronikus dokumentum] |
| 516 | |a Project_work | ||
| 520 | 3 | |a Projektmunkám téma választása a szállodai rendezvények üzleti hatásának vizsgálatára esett, különös tekintettel az Magyar Szállodák és Éttermek Szövetségének (MSZÉSZ) tagszállodáira. Dolgozatomban azt vizsgálom, hogy a rendezvények milyen hatással vannak a szállodák üzletmenetére és a vendégforgalomra. A kutatás során primer és szekunder forrásokra támaszkodom, különös figyelmet fordítva az MSZÉSZ tagszállodáinak tapasztalataira és az események gazdasági, illetve operatív hatásaira. A témaválasztásomat az eseményszervezés iránti érdeklődésem, valamint a turizmus és vendéglátás szektorának üzleti vonatkozásai inspirálták. | |
| 695 | |a fenntarthatóság | ||
| 695 | |a rendezvény(ek) | ||
| 695 | |a rendezvényszervezés | ||
| 695 | |a szállodák | ||
| 695 | |a turizmus | ||
| 700 | 1 | |a Boros Kitti |e ths | |
| 856 | 4 | 0 | |u http://dolgozattar.uni-bge.hu/59856/1/projektmunka_KassaiDalma.pdf |z Dokumentum-elérés |
| 856 | 4 | 0 | |u http://dolgozattar.uni-bge.hu/59856/2/Kassai%20Dalma_konzulens_Boros%20Kitti.pdf |z Dokumentum-elérés |